[Event "Krasnoyarsk-ch"]
[Site "Krasnoyarsk"]
[Date "2017.02.02"]
[Round "2"]
[White "Seslavin, Maxim"]
[Black "Mikhalchenko, Petr"]
[Result "0-1"]
[WhiteElo "2017"]
[BlackElo "2320"]
[PlyCount "80"]
[EventDate "2017.02.01"]
[EventType "swiss"]
[EventRounds "9"]
[EventCountry "RUS"]
[SourceTitle "CBM 176 Extra"]
[Source "ChessBase"]
[SourceDate "2017.03.02"]
[SourceVersion "1"]
[SourceVersionDate "2017.03.02"]
[SourceQuality "1"]

1. d4 Nf6 2. Nf3 d5 3. Bf4 c5 4. e3 Qb6 5. Qc1 Nc6 6. c3 Bf5 7. Be2 Rc8 8. Nh4 Bg4 9. Bxg4 Nxg4 10. Qd2 Nf6 11. 0-0 g5 12. dxc5 Qd8 13. Nf5 gxf4 14. exf4 e6 15. Qe3 Ne4 16. b4 exf5 17. f3 Bg7 18. fxe4 fxe4 19. Na3 0-0 20. Rad1 Qf6 21. Nb5 Rcd8 22. g4 h6 23. Kh1 a6 24. Nd4 Nxd4 25. cxd4 b6 26. g5 Qf5 27. Rg1 Kh7 28. Rg3 bxc5 29. bxc5 Rc8 30. Rdg1 Rc6 31. Rg4 Rg6 32. h4 h5 33. R4g3 Rb8 34. Rd1 Rb2 35. Rc1 Rb4 36. c6 Rc4 37. c7 Rgc6 38. Rcg1 Bxd4 39. Qe2 Kg6 40. Rd1 Qxf4 0-1

[Event "Krasnoyarsk Region-ch"]
[Site "Krasnoyarsk"]
[Date "2016.10.09"]
[Round "11"]
[White "Miroshnichenko, Grigory"]
[Black "Seslavin, Maxim"]
[Result "0-1"]
[WhiteElo "1920"]
[BlackElo "1996"]
[PlyCount "40"]
[EventDate "2016.09.29"]
[EventType "swiss"]
[EventRounds "11"]
[EventCountry "RUS"]
[SourceTitle "EXT 2018"]
[Source "ChessBase"]
[SourceDate "2017.10.13"]
[SourceVersion "1"]
[SourceVersionDate "2017.10.13"]
[SourceQuality "1"]

1. g4 d5 2. h3 e5 3. d3 Be6 4. Bg2 c6 5. Nc3 h6 6. Bd2 Nd7 7. e3 Bd6 8. Qe2 Qc7 9. 0-0-0 b5 10. Rf1 b4 11. Nd1 Rb8 12. f4 f6 13. Nf3 Qa5 14. Kb1 Rb6 15. d4 e4 16. Nh4 Ra6 17. a3 Qa4 18. Nf2 Nb6 19. Ng6 Nc4 20. Kc1 bxa3 0-1

[Event "Krasnoyarsk Region-ch"]
[Site "Krasnoyarsk"]
[Date "2016.10.06"]
[Round "8"]
[White "Molokanov, Alexander"]
[Black "Seslavin, Maxim"]
[Result "1-0"]
[WhiteElo "1964"]
[BlackElo "1996"]
[PlyCount "162"]
[EventDate "2016.09.29"]
[EventType "swiss"]
[EventRounds "11"]
[EventCountry "RUS"]
[SourceTitle "EXT 2018"]
[Source "ChessBase"]
[SourceDate "2017.10.13"]
[SourceVersion "1"]
[SourceVersionDate "2017.10.13"]
[SourceQuality "1"]

1. d4 Nf6 2. Nf3 e6 3. Bg5 Be7 4. Nbd2 b6 5. e4 d5 6. e5 Nfd7 7. h4 h6 8. Bf4 Ba6 9. Bxa6 Nxa6 10. c3 c5 11. Qe2 Nab8 12. h5 Nc6 13. a3 c4 14. g4 Nf8 15. Qe3 Nh7 16. Ke2 b5 17. Rag1 Ng5 18. Bxg5 hxg5 19. Rf1 a5 20. Ng1 b4 21. axb4 axb4 22. f4 bxc3 23. bxc3 Ra3 24. Nh3 Qa5 25. Nb1 Nxd4+ 26. Qxd4 Bc5 27. Qd1 Rb3 28. Nxg5 Qa2+ 29. Kf3 d4 30. Ne4 dxc3 31. Nbxc3 Ke7 32. Qe2 Qa4 33. Kg2 Qb4 34. Rc1 Bd4 35. Rh3 Rd8 36. g5 Qb7 37. Kf1 Rb2 38. Rc2 Rb4 39. Nd6 Qa8 40. Ra2 Qc6 41. Qe4 Qb6 42. f5 Bxc3 43. f6+ Kf8 44. fxg7+ Kg8 45. Rxc3 Rb1+ 46. Ke2 Qg1 47. Kd2 Qf2+ 48. Qe2 Qf4+ 49. Re3 Qd4+ 50. Kc2 Rdb8 51. Nxc4 R8b4 52. Ra8+ Kxg7 53. h6+ Kh7 54. Qd3+ Qxd3+ 55. Rxd3 Rg1 56. Nd6 Rf4 57. Rf8 Rxg5 58. Rxf7+ Rxf7 59. Nxf7 Rg2+ 60. Kc3 Kg6 61. Rf3 Kh7 62. Rf6 Rg8 63. Rxe6 Rf8 64. Ng5+ Kg8 65. Re7 Rf5 66. Rg7+ Kf8 67. Kd4 Rf4+ 68. Kd5 Rh4 69. Ne6+ Ke8 70. Rg8+ Kf7 71. Rf8+ Ke7 72. Rf6 Rg4 73. Nd4 Ke8 74. Ra6 Kf7 75. Ra7+ Kg8 76. Nf5 Kh8 77. e6 Rg5 78. Ke5 Rg8 79. Kf6 Rf8+ 80. Kg6 Rg8+ 81. Rg7 Re8 1-0

[Event "Krasnoyarsk Region-ch"]
[Site "Krasnoyarsk"]
[Date "2016.10.05"]
[Round "7"]
[White "Seslavin, Maxim"]
[Black "Martynova, Anastasiya"]
[Result "1-0"]
[WhiteElo "1996"]
[BlackElo "1989"]
[PlyCount "33"]
[EventDate "2016.09.29"]
[EventType "swiss"]
[EventRounds "11"]
[EventCountry "RUS"]
[SourceTitle "EXT 2018"]
[Source "ChessBase"]
[SourceDate "2017.10.13"]
[SourceVersion "1"]
[SourceVersionDate "2017.10.13"]
[SourceQuality "1"]

1. d4 Nf6 2. Nf3 e6 3. a3 c5 4. e3 Nc6 5. Bd3 Be7 6. dxc5 Bxc5 7. b4 Be7 8. 0-0 0-0 9. Nbd2 d5 10. Bb2 Bd7 11. c4 Rc8 12. Rc1 Ng4 13. Nd4 Nge5 14. Nxc6 Nxd3 15. Nxd8 Nxb2 16. Qb3 Nxc4 17. Nxc4 1-0

[Event "Krasnoyarsk Region-ch"]
[Site "Krasnoyarsk"]
[Date "2016.10.04"]
[Round "6"]
[White "Seslavin, Maxim"]
[Black "Mikhalchenko, Petr"]
[Result "1/2-1/2"]
[WhiteElo "1996"]
[BlackElo "2331"]
[PlyCount "41"]
[EventDate "2016.09.29"]
[EventType "swiss"]
[EventRounds "11"]
[EventCountry "RUS"]
[SourceTitle "EXT 2018"]
[Source "ChessBase"]
[SourceDate "2017.10.13"]
[SourceVersion "1"]
[SourceVersionDate "2017.10.13"]
[SourceQuality "1"]

1. Nf3 Nf6 2. d4 d5 3. c4 c6 4. cxd5 cxd5 5. Nc3 Nc6 6. Bf4 a6 7. e3 e6 8. Bd3 Bd6 9. Bxd6 Qxd6 10. 0-0 0-0 11. a3 b5 12. b4 Bb7 13. Ne2 Nd7 14. Nc1 Nb6 15. Nb3 Nc4 16. Nc5 Qe7 17. Qe2 Nb8 18. Nd2 Bc6 19. Ndb3 Nd7 20. Nxd7 Qxd7 21. Nc5 1/2-1/2

[Event "Krasnoyarsk Region-ch"]
[Site "Krasnoyarsk"]
[Date "2015.10.08"]
[Round "1"]
[White "Seslavin, Maxim"]
[Black "Dobrovolskiy, Roman"]
[Result "1-0"]
[WhiteElo "1925"]
[BlackElo "2136"]
[PlyCount "129"]
[EventDate "2015.10.??"]
[EventType "swiss"]
[EventRounds "11"]
[EventCountry "RUS"]
[SourceTitle "CBM 169 Extra"]
[Source "ChessBase"]
[SourceDate "2015.12.18"]
[SourceVersion "1"]
[SourceVersionDate "2015.12.18"]
[SourceQuality "1"]

1. Nf3 Nf6 2. d4 d5 3. c4 e6 4. e3 c6 5. a3 Nbd7 6. Nbd2 Bd6 7. b3 e5 8. dxe5 Nxe5 9. Bb2 Bg4 10. Be2 Nxf3+ 11. Bxf3 Bxf3 12. Qxf3 0-0 13. 0-0 Nd7 14. cxd5 Ne5 15. Bxe5 Bxe5 16. Rad1 Qxd5 17. Qxd5 cxd5 18. Nf3 Bb2 19. a4 Rfd8 20. Rd2 Bf6 21. Rc1 Rac8 22. Rdc2 Rxc2 23. Rxc2 Kf8 24. Rc7 d4 25. exd4 Bxd4 26. Nxd4 Rxd4 27. Kf1 Rb4 28. Rc3 f5 29. Ke2 Kf7 30. Kd3 Kf6 31. f3 g5 32. Kc2 Ke5 33. Re3+ Kf6 34. Kc3 a5 35. Rd3 Rh4 36. h3 Ke5 37. Rd7 b6 38. Rd2 Kf4 39. Kd4 Rh6 40. Re2 Rc6 41. Kd3 Kg3 42. Kd4 h5 43. Ke5 Rc5+ 44. Kd4 Rc6 45. Ke5 f4 46. Kd5 Rc3 47. Rb2 h4 48. Ke5 Kh2 49. Kf6 Rc5 50. Rd2 b5 51. Ra2 bxa4 52. bxa4 Kg1 53. Kg6 Kf1 54. Kf6 Ke1 55. Rb2 Kd1 56. Rb5 Rxb5 57. axb5 a4 58. b6 a3 59. b7 a2 60. b8Q a1Q+ 61. Qe5 Qxe5+ 62. Kxe5 Ke2 63. Kf5 Kf2 64. Kxg5 Kxg2 65. Kg4 1-0

[Event "Novokuznetsk U21 op"]
[Site "Novokuznetsk"]
[Date "2014.06.16"]
[Round "2"]
[White "Kosheparova, Tatiana"]
[Black "Seslavin, Maxim"]
[Result "1-0"]
[WhiteElo "1839"]
[BlackElo "1913"]
[PlyCount "83"]
[EventDate "2014.06.15"]
[EventType "swiss"]
[EventRounds "9"]
[EventCountry "RUS"]
[SourceTitle "EXT 2015"]
[Source "ChessBase"]
[SourceDate "2014.11.20"]
[SourceVersion "1"]
[SourceVersionDate "2014.11.20"]
[SourceQuality "1"]

1. e4 c6 2. d4 d5 3. Nc3 Nf6 4. e5 Nfd7 5. f4 e6 6. Nf3 c5 7. Be2 Nc6 8. 0-0 cxd4 9. Nb5 Bc5 10. Nbxd4 b5 11. Kh1 Nxd4 12. Nxd4 b4 13. Nb3 a5 14. Nxc5 Nxc5 15. Be3 Na4 16. Qc1 0-0 17. a3 Bd7 18. axb4 axb4 19. Bd4 Qc7 20. Bd3 Rfc8 21. Qe3 Rab8 22. Qh3 g6 23. Qh6 Qd8 24. Rf3 Qf8 25. Qh4 Nc5 26. Rh3 Qg7 27. Bxc5 Rxc5 28. Qe7 Rc7 29. Qd6 Rbb7 30. Ra8+ Bc8 31. f5 Qf8 32. Qxf8+ Kxf8 33. Rxh7 Kg8 34. fxg6 fxg6 35. Rxc7 Rxc7 36. Ba6 b3 37. c3 d4 38. Rxc8+ Rxc8 39. Bxc8 dxc3 40. Bxe6+ Kf8 41. bxc3 b2 42. Ba2 1-0

[Event "Novokuznetsk-ch"]
[Site "Novokuznetsk"]
[Date "2013.12.08"]
[Round "7"]
[White "Marjina, Arina"]
[Black "Seslavin, Maxim"]
[Result "1-0"]
[WhiteElo "1916"]
[BlackElo "1961"]
[PlyCount "127"]
[EventDate "2013.11.17"]
[EventType "swiss"]
[EventRounds "9"]
[EventCountry "RUS"]
[SourceTitle "EXT 2015"]
[Source "ChessBase"]
[SourceDate "2014.11.20"]
[SourceVersion "1"]
[SourceVersionDate "2014.11.20"]
[SourceQuality "1"]

1. d4 Nf6 2. c4 g6 3. Nf3 Bg7 4. g3 d5 5. Bg2 0-0 6. 0-0 c6 7. Nc3 dxc4 8. Ne5 Be6 9. e4 Nbd7 10. Qe2 Nxe5 11. dxe5 Ng4 12. f4 Qd4+ 13. Kh1 Qd3 14. h3 Nh6 15. Qf2 Qd7 16. g4 f5 17. exf5 gxf5 18. g5 Nf7 19. Be3 Bd5 20. Rad1 Bxg2+ 21. Kxg2 Qc7 22. h4 b5 23. h5 Rfd8 24. Ne2 Rxd1 25. Rxd1 Rd8 26. Rxd8+ Nxd8 27. Bxa7 e6 28. Bb6 Qc8 29. Qf3 c5 30. Bxd8 Qxd8 31. Qc6 Qd5+ 32. Qxd5 exd5 33. Nc3 Kf7 34. Nxd5 Bf8 35. Kf3 b4 36. Ke2 Ke6 37. Ne3 b3 38. axb3 cxb3 39. Kd3 Be7 40. g6 hxg6 41. hxg6 Bf8 42. Kc4 Bh6 43. Ng2 Bf8 44. Kxb3 Kd5 45. Ne3+ Ke6 46. Kc4 Bh6 47. Nd5 Bf8 48. Nc3 Bh6 49. Ne2 Bf8 50. Ng3 Bh6 51. Nh5 Ke7 52. Kxc5 Kf8 53. b4 Ke8 54. Kc6 Kf8 55. b5 Ke8 56. b6 Bxf4 57. Nxf4 Kf8 58. b7 Ke7 59. Nd5+ Kf8 60. b8Q+ Kg7 61. Qd6 f4 62. Qf6+ Kh6 63. g7+ Kh5 64. g8R 1-0

[Event "Novokuznetsk-ch"]
[Site "Novokuznetsk"]
[Date "2013.12.01"]
[Round "5"]
[White "Seslavin, Maxim"]
[Black "Buts, Nikita"]
[Result "0-1"]
[WhiteElo "1961"]
[BlackElo "1939"]
[PlyCount "180"]
[EventDate "2013.11.17"]
[EventType "swiss"]
[EventRounds "9"]
[EventCountry "RUS"]
[SourceTitle "EXT 2015"]
[Source "ChessBase"]
[SourceDate "2014.11.20"]
[SourceVersion "1"]
[SourceVersionDate "2014.11.20"]
[SourceQuality "1"]

1. Nf3 Nf6 2. b4 d5 3. Bb2 Bf5 4. e3 e6 5. a3 Bd6 6. c4 0-0 7. c5 Be7 8. Ne5 c6 9. g4 Be4 10. f3 Bg6 11. h4 Nbd7 12. Nxg6 fxg6 13. g5 Nh5 14. Bh3 e5 15. Be6+ Kh8 16. Bxd7 Qxd7 17. Bxe5 Qf5 18. f4 Rae8 19. Rg1 Bxc5 20. Qg4 Bb6 21. Qxf5 Rxf5 22. Rg4 d4 23. Ke2 Rf7 24. a4 dxe3 25. dxe3 Bc7 26. Bxc7 Rxc7 27. Nc3 Rce7 28. e4 Rf7 29. Ke3 Ref8 30. Rf1 h6 31. Rf3 hxg5 32. hxg5 Rd7 33. Rg2 Rfd8 34. Re2 Kg8 35. b5 Rd3+ 36. Kf2 Rxf3+ 37. Kxf3 Rf8 38. f5 gxf5 39. e5 g6 40. Na2 Rd8 41. bxc6 bxc6 42. Nb4 c5 43. Nc6 Rd3+ 44. Kf2 Nf4 45. Rc2 Ne6 46. Ke2 Rd7 47. Ke3 Kg7 48. a5 Rc7 49. Nb8 Nd4 50. Rc4 Nb3 51. a6 Re7 52. Nc6 Re6 53. Nxa7 Rxa6 54. Rc3 Rxa7 55. Rxb3 Re7 56. Kf4 c4 57. Rc3 Rc7 58. e6 Rc5 59. Ke3 Re5+ 60. Kd4 Rxe6 61. Kxc4 Rc6+ 62. Kd4 Rxc3 63. Kxc3 Kf7 64. Kd4 Ke6 65. Kd3 Kd5 66. Ke3 Ke5 67. Kf3 f4 68. Kg4 Ke4 69. Kh3 Kf3 70. Kh2 Kg4 71. Kg2 Kxg5 72. Kh3 Kf5 73. Kh4 g5+ 74. Kh3 Ke4 75. Kg4 f3 76. Kg3 Ke3 77. Kh2 f2 78. Kg3 Ke2 79. Kh2 f1Q 80. Kg3 Qf3+ 81. Kh2 g4 82. Kg1 Ke3 83. Kh2 Qh3+ 84. Kg1 Qf3 85. Kh2 g3+ 86. Kh3 g2+ 87. Kh4 Qf4+ 88. Kh3 Qg5 89. Kh2 g1R 90. Kh3 Qg3# 0-1

[Event "Novokuznetsk Summer op"]
[Site "Novokuznetsk"]
[Date "2013.06.27"]
[Round "9"]
[White "Seslavin, Maxim"]
[Black "Patrin, Yury"]
[Result "1-0"]
[WhiteElo "1962"]
[BlackElo "1799"]
[PlyCount "87"]
[EventDate "2013.06.17"]
[EventType "swiss"]
[EventRounds "9"]
[EventCountry "RUS"]
[SourceTitle "EXT 2014"]
[Source "ChessBase"]
[SourceDate "2013.11.20"]
[SourceVersion "1"]
[SourceVersionDate "2013.11.20"]
[SourceQuality "1"]

1. b4 e6 2. Bb2 Nf6 3. a3 b6 4. c4 Bb7 5. e3 d5 6. d4 c5 7. bxc5 bxc5 8. Nf3 Ne4 9. Qb3 Qb6 10. Nbd2 Nxd2 11. Nxd2 Qxb3 12. Nxb3 cxd4 13. Bxd4 Nc6 14. cxd5 Nxd4 15. Nxd4 Bxd5 16. Bb5+ Kd8 17. 0-0 Bc5 18. Rfd1 Ke7 19. a4 Kf6 20. Rac1 Rac8 21. Ba6 Rc7 22. Nb5 Rc6 23. Bb7 Rcc8 24. Bxc8 Rxc8 25. Nxa7 Ra8 26. Rxc5 Rxa7 27. a5 Ke7 28. Ra1 Kd6 29. Rb5 Bc6 30. Rb6 Rc7 31. Rd1+ Kc5 32. Rc1+ Kd5 33. a6 g5 34. a7 Rxa7 35. Rbxc6 Ra2 36. Rc7 f5 37. Rxh7 g4 38. g3 Ke4 39. Kg2 e5 40. Rd7 f4 41. Rc4+ Kf5 42. gxf4 g3 43. Kxg3 exf4+ 44. Rxf4+ 1-0

[Event "Novokuznetsk Winter op"]
[Site "Novokuznetsk"]
[Date "2013.01.12"]
[Round "9"]
[White "Seslavin, Maxim"]
[Black "Guzikov, Danil"]
[Result "0-1"]
[WhiteElo "1967"]
[BlackElo "2170"]
[PlyCount "60"]
[EventDate "2013.01.03"]
[EventType "swiss"]
[EventRounds "9"]
[EventCountry "RUS"]
[SourceTitle "CBM 152 Extra"]
[Source "ChessBase"]
[SourceDate "2013.02.25"]
[SourceVersion "1"]
[SourceVersionDate "2013.02.25"]
[SourceQuality "1"]

1. g3 d5 2. Bg2 e5 3. c4 c6 4. b3 Nf6 5. Bb2 Bd6 6. Qc2 0-0 7. d3 Re8 8. e4 Bg4 9. a3 Bh5 10. Ne2 Nbd7 11. 0-0 Rc8 12. b4 a5 13. c5 Bb8 14. h3 b6 15. g4 Bg6 16. g5 Nh5 17. exd5 cxd5 18. c6 Nf8 19. b5 Qxg5 20. Nbc3 e4 21. f4 Nxf4 22. Nxf4 Bxf4 23. Rxf4 Qxf4 24. Nxd5 Qg5 25. Qc3 Ne6 26. Nxb6 Qe3+ 27. Kh1 Qxb6 28. a4 f6 29. dxe4 Ng5 30. Qc4+ Bf7 0-1

[Event "Novokuznetsk Winter op"]
[Site "Novokuznetsk"]
[Date "2013.01.05"]
[Round "3"]
[White "Seslavin, Maxim"]
[Black "Kuzmichev, Alexander"]
[Result "0-1"]
[WhiteElo "1967"]
[BlackElo "2069"]
[PlyCount "66"]
[EventDate "2013.01.03"]
[EventType "swiss"]
[EventRounds "9"]
[EventCountry "RUS"]
[SourceTitle "CBM 152 Extra"]
[Source "ChessBase"]
[SourceDate "2013.02.25"]
[SourceVersion "1"]
[SourceVersionDate "2013.02.25"]
[SourceQuality "1"]

1. d4 g6 2. b4 Bg7 3. e3 b6 4. a4 c5 5. c3 d5 6. Ba3 c4 7. b5 Nf6 8. Nd2 0-0 9. f3 Re8 10. f4 Ng4 11. Qe2 f6 12. h3 Nh6 13. Qf3 a6 14. Bxc4 Bb7 15. bxa6 Bc6 16. Bb5 Qd7 17. Ne2 e5 18. 0-0 Nxa6 19. Rfb1 Nc7 20. Bxc6 Qxc6 21. dxe5 fxe5 22. c4 e4 23. Qf1 Bxa1 24. Rxa1 Nf5 25. g4 Nxe3 26. Qf2 Nc2 27. Bb2 Nxa1 28. Qd4 Qc5 29. Bxa1 Rxa4 30. Kg2 Qxd4 31. Bxd4 Ra2 32. Be3 dxc4 33. Nc3 Rc2 0-1

[Event "Novokuznetsk Winter op"]
[Site "Novokuznetsk"]
[Date "2013.01.04"]
[Round "2"]
[White "Sozin, Stepan"]
[Black "Seslavin, Maxim"]
[Result "1-0"]
[WhiteElo "2206"]
[BlackElo "1967"]
[PlyCount "53"]
[EventDate "2013.01.03"]
[EventType "swiss"]
[EventRounds "9"]
[EventCountry "RUS"]
[SourceTitle "CBM 152 Extra"]
[Source "ChessBase"]
[SourceDate "2013.02.25"]
[SourceVersion "1"]
[SourceVersionDate "2013.02.25"]
[SourceQuality "1"]

1. e4 d6 2. d4 g6 3. Nf3 Bg7 4. c3 a6 5. Bd3 Bg4 6. Be3 Nd7 7. Nbd2 c5 8. h3 Bxf3 9. Nxf3 e6 10. 0-0 Ne7 11. Qd2 h6 12. a4 g5 13. Rad1 Qc7 14. Qe2 Rc8 15. Nd2 e5 16. dxe5 dxe5 17. h4 gxh4 18. Qg4 Ng6 19. Nf3 Bf6 20. Bc4 h5 21. Bxf7+ Kxf7 22. Rxd7+ Ne7 23. Ng5+ Kg6 24. Qe6 Qc6 25. Qf7+ Kh6 26. Nh7+ Bg5 27. Bxg5# 1-0

[Event "Novokuznetsk op"]
[Site "Novokuznetsk"]
[Date "2011.08.19"]
[Round "9"]
[White "Demarchek, Alexander"]
[Black "Seslavin, Maxim"]
[Result "1-0"]
[WhiteElo "1862"]
[BlackElo "2029"]
[PlyCount "75"]
[EventDate "2011.08.11"]
[EventType "swiss"]
[EventRounds "9"]
[EventCountry "RUS"]
[SourceTitle "CBM 144 Extra"]
[Source "ChessBase"]
[SourceDate "2011.10.28"]
[SourceVersion "1"]
[SourceVersionDate "2011.10.28"]
[SourceQuality "1"]

1. e4 e6 2. d4 d5 3. e5 c5 4. c3 Nc6 5. Nf3 Nge7 6. Bd3 Bd7 7. 0-0 Qc7 8. a3 a6 9. b4 c4 10. Bc2 b6 11. Ng5 Ng6 12. f4 f6 13. exf6 gxf6 14. Qh5 0-0-0 15. Nf7 Bd6 16. Nxh8 Nxh8 17. Nd2 Bxf4 18. Nf3 Ng6 19. Bxg6 hxg6 20. Qxg6 Bxc1 21. Raxc1 e5 22. Qxf6 e4 23. Ng5 Rg8 24. a4 Kb7 25. a5 bxa5 26. Ne6 Bxe6 27. Qxe6 Rg7 28. bxa5 Rh7 29. Rb1+ Ka7 30. h3 Nxa5 31. Rf6 Qc6 32. Qxc6 Nxc6 33. Rxc6 Rg7 34. h4 Rg3 35. h5 Rxc3 36. h6 Rb3 37. Rxb3 cxb3 38. Rc1 1-0

[Event "Novokuznetsk op"]
[Site "Novokuznetsk"]
[Date "2011.08.14"]
[Round "4"]
[White "Prilepina, Tatyana"]
[Black "Seslavin, Maxim"]
[Result "1/2-1/2"]
[WhiteElo "1825"]
[BlackElo "2029"]
[PlyCount "137"]
[EventDate "2011.08.11"]
[EventType "swiss"]
[EventRounds "9"]
[EventCountry "RUS"]
[SourceTitle "CBM 144 Extra"]
[Source "ChessBase"]
[SourceDate "2011.10.28"]
[SourceVersion "1"]
[SourceVersionDate "2011.10.28"]
[SourceQuality "1"]

1. e4 e6 2. d4 d5 3. exd5 exd5 4. Bd3 Bd6 5. Nf3 Ne7 6. 0-0 0-0 7. Re1 Bf5 8. Bg5 f6 9. Bh4 Nbc6 10. c3 Qd7 11. Qc2 Rfe8 12. Nbd2 Bxd3 13. Qxd3 Qf5 14. Qxf5 Nxf5 15. Nf1 Nce7 16. Bg3 Bxg3 17. hxg3 Nd6 18. N3d2 Kf7 19. Ne3 Rad8 20. Re2 h5 21. Rae1 Nef5 22. Nb3 b6 23. Nc1 Nxe3 24. Rxe3 Nf5 25. Rxe8 Rxe8 26. Rxe8 Kxe8 27. Nd3 Kf7 28. Nf4 c6 29. Nxh5 g5 30. g4 Nh6 31. f3 f5 32. gxf5 Nxf5 33. Kf2 Nd6 34. Ke2 Nf5 35. g4 Nh4 36. Ng3 Ng6 37. Ke3 Kf6 38. Nh5+ Kf7 39. f4 Nf8 40. b3 Ne6 41. f5 Nc7 42. c4 b5 43. cxb5 Nxb5 44. Kd3 Nd6 45. Ng3 Ne8 46. Nh1 Nd6 47. Nf2 a5 48. a4 Ke7 49. Kc3 Kd7 50. b4 Ne8 51. bxa5 Nf6 52. Kb4 Kc7 53. Nd3 Nxg4 54. Ne5 Nf6 55. a6 Ne4 56. a7 Kb7 57. Nxc6 g4 58. Nd8+ Kxa7 59. Ne6 g3 60. Nf4 Ka6 61. Ng2 Kb6 62. Ne3 Ka6 63. a5 Kb7 64. Kb5 Nd6+ 65. Kc5 Nxf5 66. Ng2 Ka6 67. Kxd5 Kxa5 68. Ke4 Nxd4 69. Kxd4 1/2-1/2

[Event "Novokuznetsk op"]
[Site "Novokuznetsk"]
[Date "2011.08.13"]
[Round "3"]
[White "Seslavin, Maxim"]
[Black "Leontiev, Oleg"]
[Result "1/2-1/2"]
[WhiteElo "2029"]
[BlackElo "1849"]
[PlyCount "49"]
[EventDate "2011.08.11"]
[EventType "swiss"]
[EventRounds "9"]
[EventCountry "RUS"]
[SourceTitle "CBM 144 Extra"]
[Source "ChessBase"]
[SourceDate "2011.10.28"]
[SourceVersion "1"]
[SourceVersionDate "2011.10.28"]
[SourceQuality "1"]

1. b3 b6 2. Bb2 Bb7 3. c4 c5 4. d3 Nf6 5. Nf3 e6 6. e3 d5 7. Nbd2 Nc6 8. cxd5 exd5 9. d4 Ne4 10. a3 Qf6 11. Bb5 Bd6 12. Nxe4 dxe4 13. Ne5 Bxe5 14. dxe5 Qd8 15. Qg4 Qd7 16. Qxe4 0-0-0 17. 0-0 Qe6 18. Qc4 Qg6 19. Ba6 Rd2 20. Bxb7+ Kxb7 21. Rab1 Rhd8 22. b4 Rc2 23. Qf4 Rdd2 24. e6 fxe6 25. Be5 1/2-1/2